000 00434cam a22001337a 4500
008 180718b1974 xxu||||| |||| 00| 0 eng d
082 _aA81x54 In2/71/14/Pt2B/1
100 _aCensus of India 1971
245 _aMysore: economic tables
260 _aDelhi
_bThe Controller of Publications
_c1974
300 _a843+p.
440 _aCensus of India 1971. Series-14, Mysore. Part II-B (i)
500 _aContents: Tables B-I, part A and B-II
999 _c485865
_d485865